000 00312 a2200145 4500
001 168861
020 _a
040 _cMagnum
100 _aWitkowski, Nicolas (Coord.)
240 1 0 _aCiencia e tecnologia hoje
_lpor
245 1 0 _aCiencia e tecnologia hoje
362 0 _a1899
697 _aGERAL
942 _cBK
999 _c168861
_d168861